| 000 | 00607nam a22001817a 4500 | ||
|---|---|---|---|
| 003 | AUA.1 | ||
| 005 | 20251027140751.0 | ||
| 008 | 250711b |||||||| |||| 00| 0 eng d | ||
| 040 | _cJTL | ||
| 100 | _aOnwona-Simpe, Kwame | ||
| 245 |
_aA strategy to increase youth participation in church programs at Nkawkaw East District, Ghana / _cKwame Onwona-Simpe. |
||
| 260 | _cc2025. | ||
| 300 |
_aix,111 leaves : _bIllustrations : _c30cm. |
||
| 610 |
_aNkawkaw District _zGhana |
||
| 650 |
_aYouth _xReligious life |
||
| 650 | _aChurch group work with youth | ||
| 942 |
_2aua _cPROJECT _hMDiv _i.O59 2025 |
||
| 999 |
_c25199 _d25199 |
||